000 01163nam a2200253Ia 4500
001 15960
003 GE_BSU
008 181216s||||||||xx |||||||||||||| ||und||
020 _a5529001327
040 _cGE_BSU
080 _a821.353.1-32
100 _aჯაფარიძე, რ. (რევაზ)
245 _aრჩეული თხზულებანი : 4 ტომად.ტ. 2.მოთხრობები
245 _bმოთხრობები
245 _cრედ.თ.აბულაძე.. მხ.შ.ნიორაძე
260 _aთბილისი
260 _bსაბჭ. საქართველო
260 _c1988
300 _a656 გვ.22 სმ.
653 _aბუხენვალდის სამრეკლო; ადამიანის მორჩილი ზღვა; ევროპაში და ევროპის გარშემო; ოთხი დღე ჰაოსის ქვეყანაში; იმედის კონცხი
653 _aმოთხრობები
653 _aრჩეული თხზულებანი
942 _cBK
999 _c49054
_d49054